MARC

Tag First Indicator Second Indicator Subfields
LEADER 00000cam a22000008a 4500
001 in00000019560
005 20151007053644.0
008 870630s1988 enkabf b 00110ceng
010 |a  87020255  
020 |a 0198219512 :  |c £25.00 (est.) ($37.50 U.S.) 
035 |a (OCoLC)16227176 
035 |9 AAB2371AM 
040 |a DLC  |c DLC  |d TXA  |d UtOrBLW 
043 |a ee-----  |a mm----- 
049 |a TXAM  |c [A11100721] 
050 0 0 |a BX393  |b .O26 1988 
082 0 |a 947/.0009/92  |a B  |2 19 
100 1 |a Obolensky, Dimitri,  |d 1918-2001. 
245 1 0 |a Six Byzantine portraits /  |c Dimitri Obolensky. 
263 |a 8801 
264 1 |a Oxford :  |b Clarendon Press ;  |a New York :  |b Oxford University Press,  |c 1988. 
300 |a xii, 228 pages, 8 pages of plates :  |b illustrations, maps. 
336 |a text  |b txt  |2 rdacontent 
337 |a unmediated  |b n  |2 rdamedia 
338 |a volume  |b nc  |2 rdacarrier 
504 |a Includes bibliographical references and index. 
505 0 |a Clement of Ohrid -- Theophylact of Ohrid -- Vladimir Monomakh -- Sava of Serbia -- Cyprian of Kiev and Moscow -- Maximos the Greek. 
650 0 |a Christian saints  |z Europe, Eastern  |v Biography. 
610 2 0 |a Orthodox Eastern Church  |x Biography. 
650 0 |a Civilization, Slavic  |x Byzantine influences. 
651 0 |a Byzantine Empire  |x Civilization. 
651 0 |a Byzantine Empire  |x Church history. 
651 0 |a Slavic countries  |x Church history. 
999 |a MARS 
999 f f |s 09a5edd5-ae2f-39f5-8335-cf628a1355d2  |i b354c5e5-126b-3222-a1c0-177ea6f7d89d  |t 0 
952 f f |p ric  |a Texas A&M University  |b Rellis Campus  |c Joint Library Facility  |d Remote Storage  |t 0  |e BX393 .O26 1988  |h Library of Congress classification  |i unmediated -- volume  |m A14811100721 
998 f f |a BX393 .O26 1988  |t 0  |l Remote Storage